Roger & me /

Aclamado documental que arremete contra el poder de las grandes corporaciones industriales, en las que el incorruptible Michael Moore trata de conseguir una entrevista con Roger B. Smith, presidente de General Motors, para poder preguntarle sobre las devastadoras consecuencias del cierre de una plan...

Full description

Bibliographic Details
Other Authors: Moore, Michael 1954-
Format: VHS
Language:English
Published: Burbank Warner Bros 1989
Subjects:

MARC

LEADER 00000cgm a2200000 a 4500
001 031009
003 UAHC_CL
005 20170803123304.0
008 140512s1989 eu g 000 eng
020 |z 8539276452 
040 |a UAHC_CL  |c UAHC_CL  |d UAHC_CL 
245 1 0 |a Roger & me /  |c Michael Moore, dir. 
246 2 |a Roger and Me 
260 |b Warner Bros  |a Burbank  |c 1989 
300 |a 1 videodisco (90 min.) 
500 |a Subtítulos en inglés, francés y español. 
520 |a Aclamado documental que arremete contra el poder de las grandes corporaciones industriales, en las que el incorruptible Michael Moore trata de conseguir una entrevista con Roger B. Smith, presidente de General Motors, para poder preguntarle sobre las devastadoras consecuencias del cierre de una planta del gigante del automóvil. 
650 4 |a CINE DOCUMENTAL  |z ESTADOS UNIDOS 
653 |a MAGISTER EN CINE DOCUMENTAL 
658 |a Vidaurre, Miguel Angel 
700 1 |a Moore, Michael  |d 1954- 
900 |a DVD-720 
942 |c VHS 
952 |0 0  |1 0  |4 0  |6 DVD_720  |7 0  |8 Referencia  |9 60457  |a BS  |b BS  |c Referencia  |d 2017-08-03  |l 0  |o DVD-720  |p 1420107  |r 2022-01-21 00:00:00  |t 1  |w 2017-08-03  |y DVD 
999 |c 31009  |d 31009